00545nam a22001097a 4500040000800000082002700008100004100035245022200076260002700298300002300325856008700348 cRUA aAVM SEA 2018 B658 Or.1 aSEAK SARIN សៀក សារិន athe case of asciolsis in cattle at borseth district, kampong speu province ករណីហ្វាស្យូឡាលើគោនៅស្រុកបរសេដ្ឋ​ខេត្តកំពង់ស្ពឺ aruabphnom penh c2018 aix;40pbill;c29cm uhttps://drive.google.com/file/d/1dX5OjBvvs8OdEVl3zTD26YvJOfq9feJT/view?usp=sharing